The exiled fleet /

The Sentinels narrowly escaped the collapsing edge of the Divide. They have mustered a few other surviving Sentinels, but with no engines, they have no way to leave the edge of the universe before they starve. Adequin Rake has gathered a team to find the materials they'll need to get everyone o...

Full description

Bibliographic Details
Main Author: Dewes, J. S. (Author)
Format: Book
Language:English
Published: New York : Tom Doherty Associates, [2021]
Edition:First edition.
Series:Dewes, J. S. Divide series ; 2.
Dewes, J. S. Divide series ; [2].
Subjects:

MARC

Tag First Indicator Second Indicator Subfields
LEADER 00000cam a2200000Ii 4500
001 in00004366643
005 20220105155053.0
008 200831t20212021nyu 000 1 eng d
020 |a 9781250236364  |q (pbk.) 
020 |a 1250236363  |q (pbk.) 
035 |a (OCoLC)on1191190859 
040 |a YDX  |e rda  |c YDX  |d BDX  |d INR  |d HQD  |d UtOrBLW 
049 |a TXAM 
050 4 |a PS3604.E8985  |b E85 2021 
082 0 |a 813/.6  |2 23 
100 1 |a Dewes, J. S.,  |e author.  |0 http://id.loc.gov/authorities/names/no2021047393 
245 1 4 |a The exiled fleet /  |c J.S. Dewes. 
250 |a First edition. 
264 1 |a New York :  |b Tom Doherty Associates,  |c [2021] 
264 4 |c ©2021 
300 |a 420 pages ;  |c 21 cm. 
336 |a text  |b txt  |2 rdacontent 
337 |a unmediated  |b n  |2 rdamedia 
338 |a volume  |b nc  |2 rdacarrier 
490 1 |a A novel of the Divide ;  |v 2 
490 1 |a Divide ;  |v [2] 
520 |a The Sentinels narrowly escaped the collapsing edge of the Divide. They have mustered a few other surviving Sentinels, but with no engines, they have no way to leave the edge of the universe before they starve. Adequin Rake has gathered a team to find the materials they'll need to get everyone out. To do that they're going to need new allies and evade a ruthless enemy. Some of them will not survive. 
650 0 |a Interplanetary voyages  |v Fiction.  |0 http://id.loc.gov/authorities/subjects/sh2008104870 
650 0 |a Survival  |v Fiction.  |0 http://id.loc.gov/authorities/subjects/sh2010114096 
650 0 |a End of the universe  |v Fiction. 
650 0 |a Soldiers  |v Fiction.  |0 http://id.loc.gov/authorities/subjects/sh2008111377 
650 0 |a Exiles  |v Fiction.  |0 http://id.loc.gov/authorities/subjects/sh2008102998 
800 1 |a Dewes, J. S.  |t Divide series ;  |v 2.  |0 http://id.loc.gov/authorities/names/no2021090725 
800 1 |a Dewes, J. S.  |t Divide series ;  |v [2].  |0 http://id.loc.gov/authorities/names/no2021090725 
945 |b 996700 
947 |a A14851647512 
948 |a cataloged  |b h  |c 2021/9/23  |d c  |e dmitchel  |f 1:44:28 PM 
994 |a 92  |b TXA 
999 f f |s 2153a3b6-079e-37dd-8f08-d9d56326acbe  |i f8b7e8f6-1137-3fdf-bcfc-cc7723df7c69  |t 0 
952 f f |p normal  |a Texas A&M University  |b College Station  |c Sterling C. Evans Library  |s Evans stk  |d Evans: Library Stacks  |t 0  |e PS3604.E8985 E85 2021  |h Library of Congress classification  |i unmediated -- volume  |m A14851647512 
998 f f |a PS3604.E8985 E85 2021  |t 0  |l Evans: Library Stacks